¿Quién es el culpable? [juego] /
Guardado en:
| Formato: | Objeto Físico |
|---|---|
| Publicado: |
México :
Hasbro,
[200?]
|
| Materias: | |
| Etiquetas: |
Agregar Etiqueta
Sin Etiquetas, Sea el primero en etiquetar este registro!
|
| LEADER | 00754nrm a22001455g 4500 | ||
|---|---|---|---|
| 001 | CEM.cems019444 | ||
| 008 | 130507b200?####mx############0###0#####d | ||
| 005 | 20220830182929.0 | ||
| 245 | 0 | 0 | |a ¿Quién es el culpable? [juego] / |c Hasbro. |
| 260 | |a México : |b Hasbro, |c [200?] | ||
| 300 | |a 1 juego (1 tablero, 1 sobre porta tarjetas incógnita, 21 tarjetas 6 de personajes, 6 armas y 9 habitaciones, 6 armas, 1 dado, block de notas) ; en caja 26 x 50 x 3 cm. + instrucciones. | ||
| 500 | |a Para 3 a 4 participantes a partir de 8 años en adelante objetivo: deducir el contenido de las tarjetas del sobre incógnita declarándolo a los demás. | ||
| 082 | 0 | 4 | |a J793.93 |
| 653 | |a 1. juegos de intriga y deducción | ||
| 859 | |a CEMS |b BIB. CEMS - Ludoteca |h J793.93 |i H27 |p 211.00 |t Ej.1 | ||
